[Event "Mantova Province-ch"]
[Site "Mantova"]
[Date "2008.02.08"]
[Round "4"]
[White "Pellizzari, Marco"]
[Black "Zordan, Giovanni"]
[Result "0-1"]
[WhiteElo "1431"]
[BlackElo "1550"]
[PlyCount "102"]
[EventDate "2008.01.18"]
[EventType "swiss"]
[EventRounds "4"]
[EventCountry "ITA"]
[SourceTitle "EXT 2010"]
[Source "ChessBase"]
[SourceDate "2010.11.25"]
[SourceVersion "1"]
[SourceVersionDate "2010.11.25"]
[SourceQuality "1"]

1. d4 d5 2. c4 e6 3. Nc3 Nf6 4. Bg5 Be7 5. e3 0-0 6. Nf3 Ne4 7. Bxe7 Nxc3 8. Bxd8 Nxd1 9. Rxd1 Rxd8 10. g4 c6 11. b3 Nd7 12. h3 a6 13. a4 b5 14. axb5 dxc4 15. bxc6 cxb3 16. Rb1 Nf8 17. Rxb3 Rd6 18. Rc3 Rb8 19. Nd2 Rb6 20. Bg2 Rb4 21. Rb3 Rxb3 22. Nxb3 Ng6 23. Rg1 Ne7 24. Na5 Kf8 25. Kd2 Ke8 26. Rb1 e5 27. Nb7 Rf6 28. Ke1 exd4 29. exd4 Nxc6 30. d5 Nd8 31. d6 Bxb7 32. Bxb7 Nxb7 33. Rxb7 Rxd6 34. Rb8+ Kd7 35. Rb7+ Ke6 36. Rb3 h6 37. Re3+ Kd7 38. Rb3 g6 39. Rb7+ Ke6 40. Rb3 a5 41. Re3+ Kd7 42. Ra3 Rd5 43. Rb3 a4 44. Rb7+ Ke6 45. Rb6+ Ke5 46. Rb7 f6 47. Re7+ Kf4 48. Rb7 a3 49. Rb4+ Kg5 50. f4+ Kh4 51. Rb1 Rd3 0-1

[Event "Rivarolo Mantovano Weekend 5th"]
[Site "Rivarolo Mantovano"]
[Date "2007.10.12"]
[Round "1"]
[White "Pellizzari, Marco"]
[Black "Bozuffi, Italo"]
[Result "0-1"]
[WhiteElo "1440"]
[BlackElo "1882"]
[PlyCount "58"]
[EventDate "2007.10.12"]
[EventType "swiss"]
[EventRounds "5"]
[EventCountry "ITA"]
[SourceTitle "EXT 2010"]
[Source "ChessBase"]
[SourceDate "2010.11.25"]
[SourceVersion "1"]
[SourceVersionDate "2010.11.25"]
[SourceQuality "1"]

1. e4 e6 2. d4 c6 3. Nf3 d5 4. e5 f5 5. c4 dxc4 6. Bxc4 h6 7. 0-0 b5 8. Bb3 a5 9. Bc2 Na6 10. a3 Nc7 11. Nc3 Ba6 12. Bd3 Ne7 13. Be3 Ned5 14. Nd2 g6 15. Qf3 Qd7 16. Qg3 g5 17. f4 Nxe3 18. Qxe3 g4 19. Nb3 Nd5 20. Nxd5 Qxd5 21. Nxa5 c5 22. Rfd1 c4 23. Be2 Bc8 24. Qc3 Be7 25. Rf1 Bd8 26. b4 Bh4 27. g3 Bd8 28. Rf2 Bxa5 29. bxa5 Bb7 0-1